| 000 | 00509nam a2200181 4500 | ||
|---|---|---|---|
| 001 | 44795 | ||
| 090 | _a44795 | ||
| 100 | _a20250919 pory50 | ||
| 101 |
_apor _ait |
||
| 102 | _aPT | ||
| 200 |
_aCaravaggio _ea alma e o sangue _frealiz. Jesus Garcés Lambert _garg. Aline Bardedella , Francesco Invernizzi |
||
| 210 |
_aItália _cFesta do Cinema Italiano .com _d2019 |
||
| 215 | _a1 DVD | ||
| 225 |
_aFesta do Cinema Italiano _v6 |
||
| 300 | _aM/12 90 m. | ||
| 675 | _a7 | ||
| 801 |
_aPT _gRPC |
||
| 990 | _cFILMES DVD | ||